| 000 | 01001nam a2200325I 4500 | ||
|---|---|---|---|
| 001 | 7106 | ||
| 003 | BD-RjUL | ||
| 005 | 20211208234350.0 | ||
| 008 | 760826s1959 nyu 000 0 eng | ||
| 035 | _aMITb10906574 | ||
| 035 | _a(BD-RjUL)7148 | ||
| 040 |
_aDLC _cWSU _dUKM _dBD-RjUL _beng |
||
| 041 | _aeng | ||
| 082 |
_a333 _bHUN 1959 |
||
| 090 |
_aHC55 _b.H8x 1959 |
||
| 100 | 1 |
_aHuberty, Martin R. _q(Martin Richard), _d1894- _922253 |
|
| 245 | 1 | 0 |
_aNatural resources, _cedited by Martin R. Huberty and Warren L. Flock. |
| 260 |
_aNew York, _bMcGraw-Hill, _c1959. |
||
| 300 |
_a556 p. _billus. _c24 cm. |
||
| 490 | 1 | _aUniversity of California engineering extension series | |
| 504 | _aIncludes bibliography. | ||
| 650 | 0 |
_aNatural resources. _922254 |
|
| 700 | 1 |
_aFlock, Warren L. _922255 |
|
| 830 | 0 |
_aUniversity of California engineering extension series. _922257 |
|
| 942 |
_2ddc _cBK |
||
| 946 | _at | ||
| 949 |
_ac _p39080021864944 |
||
| 999 |
_c7106 _d7106 |
||